Zgadnij kraj po zdięciu ulicy (dla GeoMexa) - Statystyki

Ogólne statystyki
  • Ten quiz został rozwiązany 39 razy
  • Średni wynik to 5 z 15
Statystyki odpowiedzi
Obrazkowy Odpowiedź % Poprawnych
Chiny
93%
Ukraina
83%
Polska
67%
USA
40%
Andora
37%
Lesotho
30%
Czechy
27%
Meksyk
27%
Mjanma
23%
Islandia
20%
Izrael
20%
Sri Lanka
20%
Sierra Leone
13%
Gwatemala
10%
Paragwaj
10%
Nie znaleziono quizów pasujących do podanych kryteriów
Rozkład punktacji
Procent ludzi z każdym wynikiem
Percentyl według liczby udzielonych odpowiedzi
Twoja historia wyników
Nie rozwiązałeś tego quizu